000 00769nam a2200217 i 4500
001 35627
003 ES-MaACL
005 20230906155154.0
007 t|
008 030213s1972 sp ||||1| spa d
100 1 _aBrech, E. F. L.
_931539
245 1 0 _aDiccionario de management /
_ccon un vocabulario castellano-inglés, inglés-castellano, H. Johannsen, Andrew Robertson ; dirigido por E. F. L. Brech ; versión,Agustín Gil Lasierra y Eduald Juliá.
250 _a1ª ed.
260 _aVilassar de Mar :
_bOikos-Tau,
_c[1972]
300 _a244 p. ;
_c20 cm.
700 1 _aJohannsen, H.
_966721
700 1 _aRobertson, Andrew.
_997847
700 1 _aGil Lasierra, Agustín.
_956831
700 1 _aJuliá, Eduald.
_967222
852 _aES-MaACL
_jC-49499
_bR.83486
999 _c35627
_d35627